Обмен опытом в станкостроительной и инструментальной промышленности. 1957, №10: Приспособления к протяжным станкам для наружного протяжения (Запись № 3209323)
[ простой вид ]
| 000 -МАРКЕР | |
|---|---|
| контрольное поле | 01264nam2a22002531 4500 |
| 001 - ИДЕНТИФИКАТОР ЗАПИСИ | |
| контрольное поле | RU\NLR\INFOCOMM44\1000035429 |
| 005 - ИДЕНТИФИКАТОР ВЕРСИИ | |
| контрольное поле | 20250617112700.0 |
| 035 ## - ДРУГИЕ СИСТЕМНЫЕ НОМЕРА | |
| Идентификатор записи | (NLR Aleph) 002573324 |
| 100 ## - ДАННЫЕ ОБЩЕЙ ОБРАБОТКИ | |
| Данные общей обработки | 20040604d1957 |||y0rusy50 ca |
| 101 0# - ЯЗЫК РЕСУРСА | |
| Язык текста, звукозаписи и т.д. | русский |
| 102 ## - СТРАНА ПУБЛИКАЦИИ ИЛИ ПРОИЗВОДСТВА | |
| Страна публикации | Российская Федерация |
| 105 ## - ПОЛЕ КОДИРОВАННЫХ ДАННЫХ: ТЕКСТОВЫЕ МАТЕРИАЛЫ, МОНОГРАФИЧЕСКИЕ | |
| Кодированные данные о монографическом текстовом документе | y ||||||||| |
| 200 1# - ЗАГЛАВИЕ И СВЕДЕНИЯ ОБ ОТВЕТСТВЕННОСТИ | |
| Основное заглавие | Приспособления к протяжным станкам для наружного протяжения |
| Первые сведения об ответственности | В.М. Волков и др. |
| 210 ## - ПУБЛИКАЦИЯ, РАСПРОСТРАНЕНИЕ И ДР. | |
| Дата издания, распространения и т.д. | 1957 |
| Место издания, распространения и т.д. | Б. м. |
| 461 #0 - УРОВЕНЬ НАБОРА | |
| Встроенное поле | 001RU\NLR\INFOCOMM44\1000035324 |
| -- | 2001#$aОбмен опытом в станкостроительной и инструментальной промышленности$v1957, №10 |
| Системный номер (АБИС) связанной записи | 3208464 |
| Место публикации | М. |
| Дата публикации | 1956-1958 |
| Имя издателя, распространителя и т.д. | Центр. бюро техн. информации |
| Заглавие | Обмен опытом в станкостроительной и инструментальной промышленности |
| Номер тома | 1957, №10 |
| 700 #1 - ИМЯ ЛИЦА - ПЕРВИЧНАЯ ОТВЕТСТВЕННОСТЬ | |
| Код отношения | Автор |
| Графика поля | Кириллица |
| Материалы, к которым относится поле | rus |
| Начальный элемент ввода | Волков |
| Часть имени, кроме начального элемента ввода | В. М. |
| Дополнения к именам, кроме дат | инженер, шлифовальные станки |
| Расширение инициалов личного имени | Валентин Михайлович |
| Системный номер авторитетной/нормативной записи | 270377 |
| Идентификатор авторитетной/нормативной записи | RU\NLR\AUTH\770270433 |
| 801 #1 - ИСТОЧНИК ЗАПИСИ | |
| Страна | Российская Федерация |
| Организация | InfoComm |
| Дата составления | 20040604 |
| 801 #0 - ИСТОЧНИК ЗАПИСИ | |
| Страна | Российская Федерация |
| Организация | NLR |
| Правила каталогизации | PSBO |
| 852 ## - МЕСТОНАХОЖДЕНИЕ И ШИФР ХРАНЕНИЯ | |
| Идентификатор организации | NLR |
| Шифр хранения (Call Number) | П10/1433 |
| 942 ## - ДОПОЛНИТЕЛЬНЫЕ ЭЛЕМЕНТЫ ЗАПИСИ (АБИС) | |
| Тип экземпляра АБИС | Выпуск |
| 980 ## - КОЛЛЕКЦИЯ | |
| Название коллекции | Национальная библиография |
| 980 ## - КОЛЛЕКЦИЯ | |
| Название коллекции | Русская периодика |
Нет доступных экземпляров.